Electricidad : trabajos de laboratorio /

Guardado en:
Autor Principal: Mitnik, Félix
Formato: Libro
Publicado: Buenos Aires : Ecyt, 1980
Materias:
Etiquetas: Agregar Etiqueta
Sin Etiquetas, Sea el primero en etiquetar este registro!
LEADER 00621nam a22002055a 4500
001 CEM.cems004445
005 20060216000000.0
008 130507s1980##################000#0#####d
003 CEMS
082 0 4 |a 537 
100 1 |a Mitnik, Félix 
245 1 0 |a Electricidad :  |b trabajos de laboratorio / 
260 |a Buenos Aires :  |b Ecyt,  |c 1980 
300 |a 91 p. 
505 0 |a El atomo clasico.-La complejidad de los atomos.-El nucleo del atomo. - 
653 |a Electricidad 
653 |a Electricidad-experimentos 
653 |a Física 
653 |a Física-experimentos 
859 |a CEMS  |b BIB. CEMS - 11 de abril  |h 537  |i M697a2  |p 14122.86  |t Ej.1